000 00475nam a2200169Ia 4500
999 _c1556
_d1556
003 OSt
005 20200924103421.0
008 190216s9999||||xx |||||||||||||| ||und||
040 _coclc
082 _a582.0463
_bKOC/M
100 _aKochurani, N J
_94913
245 0 _aMorphology Of Flowers & Fruits /
_cN J Kochurani
260 _bN J Kochurani,
_aPalakkad:
300 _a64p
650 _aBotany
942 _cBK
_2ddc
_h582.0463
_iKOC/M
_k582.0463
_mKOC/M